Constitutional law of India (Record no. 222218)

MARC details
000 -LEADER
fixed length control field 00355nam a2200145Ia 4500
008 - FIXED-LENGTH DATA ELEMENTS--GENERAL INFORMATION
fixed length control field 230917s9999||||xx |||||||||||||| ||und||
040 ## - CATALOGING SOURCE
-- 127921
Original cataloging agency VIVEKANANDA LIBRARY
041 ## - Language
-- English
082 ## - DDC NUMBER
Classification number 342.54 P192C
100 ## - MAIN ENTRY--PERSONAL NAME
Personal name Pandey, J.N
245 #0 - TITLE STATEMENT
Title Constitutional law of India
250 ## - EDITION STATEMENT
Edition statement 11th ed.
260 ## - PUBLICATION, DISTRIBUTION, ETC. (IMPRINT)
Place of publication, distribution, etc Allahabad
Name of publisher, distributor, etc Allahabad law
Date of publication, distribution, etc 1981
942 ## - ADDED ENTRY ELEMENTS (KOHA)
Koha item type Books
Holdings
Withdrawn status Lost status Source of classification or shelving scheme Damaged status Not for loan Location (home branch) Sublocation or collection (holding branch) Date acquired Koha issues (times borrowed) Koha full call number Accession No. Koha date last seen Koha item type
Withdrawn   Dewey Decimal Classification Damaged   VIVEKANANDA LIBRARY VIVEKANANDA LIBRARY 25/01/2010   342.54 P192C 88234 17/09/2023 Books
Withdrawn   Dewey Decimal Classification Damaged   VIVEKANANDA LIBRARY VIVEKANANDA LIBRARY 25/01/2010   342.54 P192C 88235 17/09/2023 Books
          VIVEKANANDA LIBRARY VIVEKANANDA LIBRARY 25/01/2010   342.54 P192C 88236 17/09/2023 Books
© Designed and Maintained by Vivekananda Library, MDU Rohtak